000 00837nam a2200241 i 4500
001 182168
003 ES-MaACL
005 20250929063300.0
008 130621s2013 sp a | |||||||| | spa d
020 _a978-84-15244-70-7
080 _a929 Esteban, José
080 _a821.134.2 Esteban, José 1.07
100 1 _aSánchez, Carlos Manuel,
_d1959-
_9152966
245 1 0 _aJosé Esteban ... naturalmente /
_cCarlos Manuel Sánchez.
250 _a1ª ed.
260 _aMadrid :
_bPigmalión,
_cimp. 2013.
300 _a139 p., [23] p. de lám. :
_bil., mús. ;
_c21 cm.
504 _aBibliografía: p. 129-134. Índice.
600 1 4 _aEsteban, José,
_d1935-
_948033
852 _aES-MaACL
_jA-12747
_9189079
_bR.149853
_cDEPO1
_dOlim: N-5747
_xDonación: José Esteban
942 _2udc
_cMONOGRAFIA
999 _c182168
_d182168